[Event "Elite-ch POM"]
[Site "Montreal CAN"]
[Date "2013.10.13"]
[Round "5"]
[White "Sambuev, Bator"]
[Black "Yu, Zong Yang"]
[Result "1-0"]
[WhiteElo "2575"]
[BlackElo "2071"]
[PlyCount "123"]
[GameId "2160767909229254"]
[EventDate "2013.10.11"]
[EventType "swiss"]
[EventRounds "7"]
[EventCountry "CAN"]
[SourceTitle "hb 2013"]

1. e4 c5 2. Ne2 Nc6 3. Nbc3 g6 4. g3 Bg7 5. Bg2 d6 6. d3 e6 7. O-O Nge7 8. Bg5 O-O 9. Qd2 Nd4 10. Nxd4 cxd4 11. Ne2 e5 12. c3 f6 13. Bh6 dxc3 14. Nxc3 Bxh6 15. Qxh6 Be6 16. f4 Rf7 17. Bh3 Qd7 18. Bxe6 Qxe6 19. Rf2 Raf8 20. Raf1 f5 21. Qh3 exf4 22. Rxf4 d5 23. R4f2 Qe5 24. d4 Qxd4 25. exd5 Rd8 26. Qg2 Qc5 27. Rd1 Rf6 28. Kh1 Rfd6 29. Rfd2 Qc8 30. Ne2 g5 31. Qf3 Qd7 32. Qe3 h6 33. Nc3 b5 34. Nxb5 Qxb5 35. Qxe7 Qe8 36. Qxe8+ Rxe8 37. Rc1 Kf7 38. Kg2 Red8 39. Rc5 Kf6 40. Kf3 Ke5 41. Re2+ Kf6 42. Rc6 Kf7 43. Rc7+ R6d7 44. Rxd7+ Rxd7 45. Re5 Kf6 46. Re6+ Kf7 47. Ra6 Rxd5 48. Rxa7+ Ke6 49. Rb7 Rd2 50. a4 Rxh2 51. a5 Rh1 52. a6 Ra1 53. Rb6+ Ke5 54. Rxh6 Ra2 55. Rb6 Kd5 56. b4 Ra3+ 57. Kg2 Ke4 58. b5 g4 59. Re6+ Kd5 60. Re2 Kd6 61. Rf2 Ke5 62. Rb2 1-0

[Event "Elite-ch POM"]
[Site "Montreal CAN"]
[Date "2013.10.13"]
[Round "5"]
[White "Zhou, Qiyu"]
[Black "Bouchard, Jean-Marc"]
[Result "1/2-1/2"]
[WhiteElo "2030"]
[BlackElo "1976"]
[PlyCount "70"]
[GameId "2160767909229255"]
[EventDate "2013.10.11"]
[EventType "swiss"]
[EventRounds "7"]
[EventCountry "CAN"]
[SourceTitle "hb 2013"]

1. e4 e6 2. d4 d5 3. Nc3 Nf6 4. Bg5 Be7 5. e5 Nfd7 6. h4 h6 7. Be3 c5 8. Qg4 Bf8 9. O-O-O cxd4 10. Bxd4 Nc6 11. f4 Nxd4 12. Rxd4 a6 13. Nf3 h5 14. Qg3 g6 15. Rd1 Bb4 16. Nd4 Bxc3 17. Qxc3 Qb6 18. Nb3 Qc6 19. Qf3 Nc5 20. Nxc5 Qxc5 21. g4 hxg4 22. Qxg4 Bd7 23. Rd3 Bc6 24. Bg2 O-O-O 25. Qg3 Kb8 26. Rc3 Qe7 27. Rb3 Rc8 28. Rd3 Rh7 29. Qf2 Bb5 30. Rdh3 Rc4 31. Bf1 Rb4 32. Bxb5 Rxb5 33. h5 Rxh5 34. Rxh5 gxh5 35. Rxh5 Rc5 1/2-1/2

[Event "Elite-ch POM"]
[Site "Montreal CAN"]
[Date "2013.10.13"]
[Round "5"]
[White "Zhu, Hong Rui"]
[Black "Gueorguiev, Valentin"]
[Result "1-0"]
[WhiteElo "2070"]
[BlackElo "1872"]
[PlyCount "79"]
[GameId "2160767909229256"]
[EventDate "2013.10.11"]
[EventType "swiss"]
[EventRounds "7"]
[EventCountry "CAN"]
[SourceTitle "hb 2013"]

1. e4 g6 2. d4 Bg7 3. Nf3 c5 4. c3 cxd4 5. cxd4 d5 6. e5 Nh6 7. h3 O-O 8. Nc3 Nc6 9. Qb3 Nf5 10. Be3 Nxe3 11. fxe3 e6 12. Be2 Bh6 13. Nd1 b6 14. O-O Bb7 15. Nf2 Bg7 16. Rac1 h5 17. Qa4 Ne7 18. g4 hxg4 19. hxg4 a5 20. g5 Nf5 21. Ng4 Ba6 22. Bxa6 Rxa6 23. Kf2 b5 24. Qc2 Ra8 25. Nf6+ Bxf6 26. gxf6 Rc8 27. Qd2 Rxc1 28. Rxc1 Qb6 29. Qe1 Ng7 30. fxg7 Kxg7 31. Qc3 b4 32. Qc5 Qa6 33. Qe7 Rh8 34. Qf6+ Kg8 35. Rc7 Rh7 36. Ng5 Rh2+ 37. Kg3 Rg2+ 38. Kxg2 Qe2+ 39. Qf2 Qg4+ 40. Kh2 1-0

[Event "Elite-ch POM"]
[Site "Montreal CAN"]
[Date "2013.10.14"]
[Round "6"]
[White "Gueorguiev, Valentin"]
[Black "Guo, Forest"]
[Result "0-1"]
[WhiteElo "1872"]
[BlackElo "2069"]
[PlyCount "113"]
[GameId "2160767909229258"]
[EventDate "2013.10.11"]
[EventType "swiss"]
[EventRounds "7"]
[EventCountry "CAN"]
[SourceTitle "hb 2013"]

1. e4 c5 2. Nc3 Nc6 3. g3 g6 4. Bg2 Bg7 5. d3 Nf6 6. Nge2 O-O 7. O-O Rb8 8. f4 d6 9. h3 Qc7 10. a4 a6 11. g4 b5 12. axb5 axb5 13. g5 Nd7 14. Nd5 Qd8 15. f5 Re8 16. Ne3 Nde5 17. Qe1 Bb7 18. Qh4 Nd4 19. Nxd4 cxd4 20. Ng4 gxf5 21. Nxe5 dxe5 22. Rxf5 Bc8 23. Rf2 Rb6 24. Qg3 Qc7 25. Qf3 Rf8 26. Bd2 Rc6 27. c3 Be6 28. Qg3 Rc8 29. h4 Qd7 30. Raf1 Rf8 31. h5 Bg4 32. h6 Bh8 33. Rf5 Bh5 34. Qh3 e6 35. Qxh5 exf5 36. exf5 dxc3 37. bxc3 e4 38. Bxe4 Bxc3 39. Bxc3 Rxc3 40. g6 fxg6 41. Qg5 Qd4+ 42. Kh1 Rxd3 43. Qg2 Rd2 44. Qg4 Qe5 45. Qh4 Rh2+ 46. Qxh2 Qxe4+ 47. Kg1 Qg4+ 48. Kh1 Qe4+ 49. Kg1 Rxf5 50. Qb8+ Kf7 51. Qc7+ Qe7 52. Rxf5+ gxf5 53. Qf4 Kg6 54. Qf1 b4 55. Qf2 Qe6 56. Qd2 b3 57. Qh2 0-1

[Event "Elite-ch POM"]
[Site "Montreal CAN"]
[Date "2013.10.14"]
[Round "6"]
[White "Gutierrez, Leonela"]
[Black "Turcotte, Jonathan"]
[Result "1-0"]
[WhiteElo "2079"]
[BlackElo "2022"]
[PlyCount "57"]
[GameId "2160767909229259"]
[EventDate "2013.10.11"]
[EventType "swiss"]
[EventRounds "7"]
[EventCountry "CAN"]
[SourceTitle "hb 2013"]

1. e4 c6 2. d4 d5 3. Nc3 dxe4 4. Nxe4 Bf5 5. Ng3 Bg6 6. h4 h6 7. h5 Bh7 8. Nf3 Nd7 9. Bd3 Bxd3 10. Qxd3 e6 11. Bf4 Qa5+ 12. Bd2 Bb4 13. Ne4 Ngf6 14. Nd6+ Ke7 15. Nc4 Bxd2+ 16. Qxd2 Qxd2+ 17. Kxd2 Rhd8 18. Rad1 Nc5 19. Ke2 Nce4 20. Nfe5 Rd5 21. Rh3 Rad8 22. Rb3 Nc5 23. dxc5 Rxd1 24. Rxb7+ Kf8 25. Nxc6 R8d7 26. Rb8+ Ne8 27. Nd6 R1xd6 28. cxd6 Rxd6 29. Nxa7 1-0

[Event "Elite-ch POM"]
[Site "Montreal CAN"]
[Date "2013.10.14"]
[Round "6"]
[White "Luo, Zhao Yang"]
[Black "Zhou, Qiyu"]
[Result "1/2-1/2"]
[WhiteElo "2018"]
[BlackElo "2030"]
[PlyCount "93"]
[GameId "2160767909229260"]
[EventDate "2013.10.11"]
[EventType "swiss"]
[EventRounds "7"]
[EventCountry "CAN"]
[SourceTitle "hb 2013"]

1. d4 Nf6 2. Nf3 d5 3. e3 e6 4. Bd3 c5 5. b3 Nc6 6. O-O Bd6 7. Bb2 O-O 8. a3 b6 9. Ne5 Bb7 10. Nd2 Rc8 11. Qf3 Ne7 12. Qh3 cxd4 13. exd4 Ng6 14. Nxg6 hxg6 15. Rfe1 Re8 16. Re2 Rc7 17. Nf3 Ne4 18. Qg4 Qf6 19. Bxe4 dxe4 20. Ng5 Qf5 21. Qh4 Bf4 22. Bc1 Bxg5 23. Qxg5 Qd5 24. Be3 b5 25. a4 b4 26. Rc1 Ba6 27. Rd2 Qxb3 28. Qa5 Qc4 29. Rb1 Rec8 30. h3 Rb7 31. d5 exd5 32. Rxd5 Rbb8 33. Rd4 Qa2 34. Rbxb4 Rxb4 35. Rxb4 Be2 36. Qxa7 Qxc2 37. Qd4 Bd3 38. a5 Qc7 39. Ra4 Bb5 40. Ra1 Ra8 41. Bd2 Bd3 42. Bc3 f6 43. Qd5+ Kh7 44. Qxa8 Qxc3 45. Rd1 Be2 46. Rd8 Qc1+ 47. Kh2 1/2-1/2

[Event "Elite-ch POM"]
[Site "Montreal CAN"]
[Date "2013.10.14"]
[Round "6"]
[White "Robichaud, Louis"]
[Black "Nikulich, Oleksandr"]
[Result "1-0"]
[WhiteElo "2068"]
[BlackElo "2100"]
[PlyCount "75"]
[GameId "2160767909229262"]
[EventDate "2013.10.11"]
[EventType "swiss"]
[EventRounds "7"]
[EventCountry "CAN"]
[SourceTitle "EXT 2022"]
[Source "ChessBase"]
[SourceDate "2021.10.06"]
[SourceVersion "1"]
[SourceVersionDate "2021.10.06"]
[SourceQuality "1"]

1. e4 e5 2. Nf3 Nc6 3. Bb5 a6 4. Ba4 Nf6 5. O-O Be7 6. Re1 b5 7. Bb3 O-O 8. c3 d6 9. h3 Nb8 10. d4 Nbd7 11. Nbd2 Bb7 12. Bc2 Re8 13. b3 Bf8 14. Bb2 g6 15. c4 Bh6 16. cxb5 axb5 17. Bd3 c6 18. a4 Qb6 19. Bc3 Ba6 20. a5 Qc7 21. b4 Nh5 22. Nb3 Nf4 23. Bf1 Ne6 24. Bd2 Bxd2 25. Qxd2 exd4 26. Nbxd4 Nxd4 27. Nxd4 Nf6 28. Rac1 Nxe4 29. Qf4 f5 30. Rxc6 Qg7 31. Nxb5 Bxb5 32. Bxb5 Reb8 33. Rec1 Qb2 34. Rc7 Rxb5 35. Qh6 Ng5 36. Qxg5 Rf8 37. Qe7 Qh8 38. Qe6+ 1-0

[Event "Elite-ch POM"]
[Site "Montreal CAN"]
[Date "2013.10.14"]
[Round "6"]
[White "Yu, Zong Yang"]
[Black "Zhu, Hong Rui"]
[Result "0-1"]
[WhiteElo "2071"]
[BlackElo "2070"]
[PlyCount "150"]
[GameId "2160767909229263"]
[EventDate "2013.10.11"]
[EventType "swiss"]
[EventRounds "7"]
[EventCountry "CAN"]
[SourceTitle "hb 2013"]

1. d4 d5 2. c4 e6 3. Nc3 Nf6 4. Bg5 Be7 5. e3 O-O 6. cxd5 exd5 7. Bd3 Nbd7 8. Qc2 c6 9. Nge2 Re8 10. O-O Nf8 11. Rab1 Bg4 12. Ng3 h6 13. Bxf6 Bxf6 14. b4 Rc8 15. Qa4 a6 16. Qc2 g6 17. Na4 Rc7 18. Nc5 Be7 19. a4 Bd6 20. Be2 Bxe2 21. Qxe2 Ne6 22. Qg4 Nxc5 23. bxc5 Bxg3 24. hxg3 Re4 25. Qf3 Kg7 26. Rb2 Qg5 27. Rfb1 Ree7 28. Rb3 h5 29. R1b2 f5 30. Kf1 Rf7 31. Ke2 Rce7 32. Kd3 Rd7 33. Kc2 Kg8 34. Kb1 Rfe7 35. Ka2 Rf7 36. Ka3 Rfe7 37. Qd1 Rf7 38. Qb1 Qe7 39. Rb6 Kg7 40. Qh1 Kf8 41. Kb4 Ke8 42. Ka5 Rc7 43. Kb4 Kd8 44. Kc3 Ke8 45. Qd1 Qe4 46. Qf3 Kd8 47. Qf4 Qxf4 48. gxf4 Kc8 49. Rb1 Rh7 50. Rh1 a5 51. Rh4 Kd7 52. Rb1 Ke6 53. Kd3 Kf6 54. f3 Rcd7 55. Rbh1 Rhg7 56. g4 hxg4 57. fxg4 fxg4 58. Rxg4 Rh7 59. Rgh4 Rxh4 60. Rxh4 Kg7 61. Rh1 Kg8 62. Ke2 Rh7 63. Rxh7 Kxh7 64. Kf3 Kg7 65. e4 dxe4+ 66. Kxe4 Kf6 67. d5 cxd5+ 68. Kxd5 Kf5 69. Kd6 Ke4 70. Kc7 Kd5 71. Kb6 Kc4 72. f5 gxf5 73. Kxa5 f4 74. Kb6 f3 75. Kxb7 Kxc5 0-1

[Event "Elite-ch POM"]
[Site "Montreal CAN"]
[Date "2013.10.14"]
[Round "7"]
[White "Desjardins, Michel"]
[Black "Yu, Zong Yang"]
[Result "1/2-1/2"]
[WhiteElo "1912"]
[BlackElo "2071"]
[PlyCount "39"]
[GameId "2160767909229264"]
[EventDate "2013.10.11"]
[EventType "swiss"]
[EventRounds "7"]
[EventCountry "CAN"]
[SourceTitle "hb 2013"]

1. e4 c5 2. Nc3 Nc6 3. g3 g6 4. Bg2 Bg7 5. d3 d6 6. Be3 e6 7. Qd2 Nd4 8. Nd1 Nc6 9. c3 e5 10. Ne2 Nf6 11. Bh6 O-O 12. Bxg7 Kxg7 13. Ne3 Re8 14. O-O Bd7 15. h3 Ne7 16. f4 Bc6 17. c4 Nfg8 18. f5 f6 19. g4 g5 20. a4 1/2-1/2

[Event "Elite-ch POM"]
[Site "Montreal CAN"]
[Date "2013.10.14"]
[Round "7"]
[White "Gueorguiev, Valentin"]
[Black "Oussedik, Elias"]
[Result "0-1"]
[WhiteElo "1872"]
[BlackElo "2103"]
[PlyCount "100"]
[GameId "2160767909229265"]
[EventDate "2013.10.11"]
[EventType "swiss"]
[EventRounds "7"]
[EventCountry "CAN"]
[SourceTitle "hb 2013"]

1. c4 c5 2. g3 e6 3. Bg2 Nf6 4. e3 Be7 5. Ne2 O-O 6. b3 Qc7 7. Bb2 d6 8. Nbc3 a6 9. O-O Nbd7 10. d4 Rb8 11. Rc1 b5 12. cxb5 axb5 13. dxc5 dxc5 14. Ne4 Nxe4 15. Bxe4 Nf6 16. Bxf6 gxf6 17. Qc2 f5 18. Bg2 Bb7 19. Bxb7 Qxb7 20. Rfd1 Ra8 21. Nf4 Rfc8 22. Qb2 Qf3 23. Rd7 Re8 24. h4 c4 25. bxc4 bxc4 26. Rxc4 Reb8 27. Qc2 Bf6 28. Nd3 e5 29. a4 e4 30. Ne1 Qh5 31. Rcc7 Rb2 32. Qc4 Rf8 33. a5 Rb1 34. Qf1 f4 35. Rb7 Ra1 36. Rb5 Qh6 37. Qe2 fxe3 38. Kg2 exf2 39. Qxf2 e3 40. Qe2 Bc3 41. Rg5+ Kh8 42. Qxe3 Qc6+ 43. Qf3 Ra2+ 44. Kh1 Qxd7 45. Qxc3+ f6 46. Kg1 Qe6 47. Rc5 Re2 48. Ng2 Qe4 49. Nf4 Qb1+ 50. Qc1 Re1+ 0-1

[Event "Elite-ch POM"]
[Site "Montreal CAN"]
[Date "2013.10.14"]
[Round "7"]
[White "Guo, Forest"]
[Black "Zhou, Qiyu"]
[Result "1/2-1/2"]
[WhiteElo "2069"]
[BlackElo "2030"]
[PlyCount "178"]
[GameId "2160767909229266"]
[EventDate "2013.10.11"]
[EventType "swiss"]
[EventRounds "7"]
[EventCountry "CAN"]
[SourceTitle "hb 2013"]

1. e4 c5 2. Nf3 d6 3. d4 cxd4 4. Nxd4 Nf6 5. Nc3 g6 6. g3 Bg7 7. h3 O-O 8. Bg2 Nfd7 9. O-O Nc6 10. Nb3 Nde5 11. Qe2 Be6 12. Nd5 Rc8 13. Be3 b6 14. Rad1 Kh8 15. Nd4 Nxd4 16. Bxd4 Qd7 17. Kh2 f5 18. exf5 Bxf5 19. c3 Nc6 20. Bxg7+ Kxg7 21. Rfe1 e5 22. f4 Rce8 23. Qd2 exf4 24. Nxf4 Ne5 25. Qxd6 Qxd6 26. Rxd6 Nf3+ 27. Bxf3 Rxe1 28. Rd2 Rfe8 29. h4 R8e7 30. Kg2 Be4 31. c4 Bxf3+ 32. Kxf3 Kf7 33. b3 Rc1 34. Ne2 Ra1 35. Nc3 Rf1+ 36. Kg2 Rfe1 37. Kf2 R1e5 38. Nd5 Rd7 39. a4 Kf8 40. Rd3 Rf7+ 41. Kg2 Re2+ 42. Kh3 Kg7 43. Nf4 Re1 44. Kg4 Rfe7 45. Kf3 Rf1+ 46. Kg2 Rfe1 47. Kf3 R1e5 48. Nd5 Rf7+ 49. Nf4 h6 50. Kg4 g5 51. hxg5 Rxg5+ 52. Kf3 Kh7 53. Ke4 Rfg7 54. Ne2 Re7+ 55. Kf3 Rg8 56. Nf4 Rf8 57. Kg4 Rfe8 58. Kf3 Rg8 59. Nd5 Rf7+ 60. Nf4 Rfg7 61. Nh5 Rf7+ 62. Nf4 Rgg7 63. Ke4 Re7+ 64. Kf3 Rg5 65. Rd4 Reg7 66. Ne2 Rf7+ 67. Nf4 Rfg7 68. Ne2 Rh5 69. Nf4 Rh1 70. Rd3 Rf1+ 71. Ke2 Rg1 72. Kf2 Rb1 73. Kf3 Re1 74. Kf2 Re5 75. Kf3 Kg8 76. Rd8+ Kh7 77. Rd3 h5 78. Rd4 Reg5 79. Ne2 Rg4 80. Rd5 R4g5 81. Rd4 Re7 82. Nf4 Rge5 83. Rd3 Kg7 84. Nd5 Rd7 85. Kf4 Re1 86. Kg5 Re5+ 87. Kf4 Re2 88. Kg5 Re5+ 89. Kf4 Re1 1/2-1/2

[Event "Elite-ch POM"]
[Site "Montreal CAN"]
[Date "2013.10.14"]
[Round "7"]
[White "Gutierrez, Leonela"]
[Black "Masse, Hugues"]
[Result "0-1"]
[WhiteElo "2079"]
[BlackElo "2188"]
[PlyCount "96"]
[GameId "2160767909229267"]
[EventDate "2013.10.11"]
[EventType "swiss"]
[EventRounds "7"]
[EventCountry "CAN"]
[SourceTitle "hb 2013"]

1. e4 e6 2. b3 d5 3. Bb2 Nc6 4. e5 Nge7 5. f4 Nf5 6. Nf3 Be7 7. g3 Bd7 8. Bg2 h5 9. O-O h4 10. g4 h3 11. gxf5 hxg2 12. Kxg2 exf5 13. Ba3 Bxa3 14. Nxa3 Qe7 15. Nb5 O-O-O 16. d4 Be6 17. a4 Kb8 18. c3 f6 19. Rf2 Bf7 20. Qc2 Qe6 21. Re1 Bh5 22. Kf1 Bxf3 23. Rxf3 a6 24. exf6 Qxf6 25. Na3 Rh4 26. Re2 Qd6 27. b4 Rxf4 28. Rxf4 Qxf4+ 29. Rf2 Qe3 30. b5 Nxd4 31. cxd4 Qxa3 32. bxa6 Qa1+ 33. Kg2 Qxd4 34. Rxf5 Qg4+ 35. Kf1 Re8 36. Qd3 Qxa4 37. axb7 Qa1+ 38. Kg2 d4 39. Rf2 Qa4 40. Qb1 Qc6+ 41. Kg1 Qe4 42. Qxe4 Rxe4 43. Rf7 g5 44. Kf2 g4 45. Kg3 Kxb7 46. Rg7 Kc6 47. Rg6+ Kd5 48. Rg5+ Kc4 0-1

[Event "Elite-ch POM"]
[Site "Montreal CAN"]
[Date "2013.10.14"]
[Round "7"]
[White "Le Duin, Thierry"]
[Black "Robichaud, Louis"]
[Result "0-1"]
[WhiteElo "2051"]
[BlackElo "2068"]
[PlyCount "49"]
[GameId "2160767909229269"]
[EventDate "2013.10.11"]
[EventType "swiss"]
[EventRounds "7"]
[EventCountry "CAN"]
[SourceTitle "EXT 2022"]
[Source "ChessBase"]
[SourceDate "2021.10.06"]
[SourceVersion "1"]
[SourceVersionDate "2021.10.06"]
[SourceQuality "1"]

1. d4 Nf6 2. Nf3 g6 3. c4 Bg7 4. Nc3 O-O 5. Bf4 d6 6. e3 Nbd7 7. Be2 e5 8. dxe5 dxe5 9. Nxe5 Nh5 10. Nxd7 Nxf4 11. Nxf8 Nxg2+ 12. Kf1 Nxe3+ 13. fxe3 Bh3+ 14. Ke1 Qh4+ 15. Kd2 Rd8+ 16. Nd5 c6 17. Nxg6 hxg6 18. Qc2 cxd5 19. Rad1 Bf5 20. Qa4 dxc4+ 21. Kc1 Rc8 22. Rd6 Qe4 23. Qd1 c3 24. Bd3 cxb2+ 25. Kb1 0-1

[Event "Elite-ch POM"]
[Site "Montreal CAN"]
[Date "2013.10.14"]
[Round "7"]
[White "Turcotte, Jonathan"]
[Black "Bouchard, Jean-Marc"]
[Result "1-0"]
[WhiteElo "2022"]
[BlackElo "1976"]
[PlyCount "81"]
[GameId "2160767909229270"]
[EventDate "2013.10.11"]
[EventType "swiss"]
[EventRounds "7"]
[EventCountry "CAN"]
[SourceTitle "hb 2013"]

1. d4 d5 2. Nf3 g6 3. c4 Nf6 4. cxd5 Nxd5 5. e4 Nf6 6. Nc3 Bg7 7. Be2 c5 8. d5 O-O 9. O-O b6 10. Bg5 Bb7 11. Re1 h6 12. Bh4 g5 13. Bg3 Nbd7 14. Nd2 a6 15. a4 Re8 16. Nc4 Rc8 17. Bf3 Nf8 18. e5 N6d7 19. Qb3 f5 20. exf6 Bxf6 21. Bh5 Bxc3 22. Qxc3 Nf6 23. Bxe8 Qxd5 24. f3 Rxe8 25. Nxb6 Qc6 26. Nc4 N8d7 27. Na5 Qb6 28. Nxb7 Qxb7 29. Rad1 Nd5 30. Qd3 N7f6 31. Qg6+ Kf8 32. Qxh6+ Kf7 33. Qxg5 c4 34. Qe5 e6 35. Bh4 Qb6+ 36. Kh1 Qb3 37. Bxf6 Nxf6 38. Rd4 Qc2 39. Rf4 Qg6 40. Ree4 Re7 41. Rxf6+ 1-0

[Event "Elite-ch POM"]
[Site "Montreal CAN"]
[Date "2013.10.14"]
[Round "7"]
[White "Zhu, Hong Rui"]
[Black "Sambuev, Bator"]
[Result "0-1"]
[WhiteElo "2070"]
[BlackElo "2575"]
[PlyCount "148"]
[GameId "2160767909229271"]
[EventDate "2013.10.11"]
[EventType "swiss"]
[EventRounds "7"]
[EventCountry "CAN"]
[SourceTitle "hb 2013"]

1. e4 d6 2. d4 Nf6 3. Bd3 e5 4. c3 Nc6 5. Nf3 g6 6. O-O Bg7 7. h3 O-O 8. Re1 Re8 9. a3 a6 10. Bc2 b5 11. Nbd2 Bb7 12. Nf1 d5 13. dxe5 Nxe4 14. Bf4 Nc5 15. Qd2 Nd7 16. Bg5 Qc8 17. Bb3 Ncxe5 18. Nxe5 Nxe5 19. Bxd5 Bxd5 20. Qxd5 Qf5 21. Bh4 c6 22. Qb3 Nd3 23. Re3 c5 24. a4 c4 25. Qc2 Bh6 26. Rxe8+ Rxe8 27. Nh2 Re4 28. Ng4 Bg5 29. axb5 axb5 30. Bxg5 Qxg5 31. b3 h5 32. bxc4 bxc4 33. Nh2 Qe7 34. Nf3 Re2 35. Qa4 Rxf2 36. Qxc4 Rxf3 37. gxf3 Qe3+ 38. Kh1 Qxf3+ 39. Kh2 Qe2+ 40. Kg1 Qe3+ 41. Kh2 Ne5 42. Qf1 Qxc3 43. Ra2 Nf3+ 44. Kh1 Ng5 45. Kh2 Qe5+ 46. Kh1 Qg3 47. Ra8+ Kh7 48. Ra7 Kh6 49. Rd7 f5 50. Rd3 Qe5 51. Ra3 Qd5+ 52. Qg2 Qd6 53. Ra1 Qd3 54. Kh2 Nf3+ 55. Kh1 Nh4 56. Qf1 Qe4+ 57. Kg1 Nf3+ 58. Kf2 Ng5 59. Kg3 Qe3+ 60. Kh2 h4 61. Rb1 Qe5+ 62. Kg1 Qg3+ 63. Kh1 Nxh3 64. Rb2 Ng5 65. Ra2 Qh3+ 66. Kg1 Qe3+ 67. Kh1 Ne4 68. Kh2 Nf6 69. Kh1 Ng4 70. Re2 Qg3 71. Qc1+ Kh5 72. Qf1 Ne3 73. Qf2 Qxf2 74. Rxf2 Kg4 0-1

[Event "Emanuel Lasker"]
[Site "Trois-Rivieres CAN"]
[Date "2013.11.04"]
[Round "1"]
[White "Pichette, Mickaelin"]
[Black "Lemyre, Jasmin"]
[Result "1-0"]
[WhiteElo "1765"]
[BlackElo "1287"]
[PlyCount "79"]
[GameId "2160767909224938"]
[EventDate "2013.11.04"]
[EventType "swiss"]
[EventRounds "6"]
[EventCountry "CAN"]

1. d4 d5 2. c4 c6 3. Nf3 Nf6 4. Nc3 e6 5. cxd5 exd5 6. Bg5 Be7 7. e3 O-O 8. Bd3 Bg4 9. Qc2 g6 10. h4 Re8 11. Ne5 Be6 12. f3 Nfd7 13. Bxe7 Rxe7 14. h5 Nxe5 15. dxe5 Nd7 16. hxg6 fxg6 17. Bxg6 Nf8 18. Bd3 Rc8 19. O-O-O Rcc7 20. g4 Kh8 21. g5 Rg7 22. f4 Bg4 23. Rdg1 Bf3 24. Rh3 Be4 25. Nxe4 dxe4 26. Bxe4 Kg8 27. Qb3+ Rcf7 28. f5 Rxg5 29. Rhg3 h6 30. f6 Qe8 31. Rxg5+ hxg5 32. Rxg5+ Kh8 33. Rh5+ Kg8 34. Qd1 Nh7 35. Qg4+ Kh8 36. e6 Rc7 37. f7 Rxf7 38. exf7 Qxf7 39. Qc8+ Kg7 40. Rxh7+ 1-0

[Event "Emanuel Lasker"]
[Site "Trois-Rivieres CAN"]
[Date "2013.11.11"]
[Round "2"]
[White "Lemyre, Jasmin"]
[Black "Rochefort, Christian"]
[Result "1-0"]
[WhiteElo "1287"]
[BlackElo "1170"]
[PlyCount "71"]
[GameId "2160767909224939"]
[EventDate "2013.11.04"]
[EventType "swiss"]
[EventRounds "6"]
[EventCountry "CAN"]

1. e4 e6 2. d4 d5 3. exd5 exd5 4. Nf3 Nc6 5. Be2 h6 6. Bf4 Be7 7. b3 Nf6 8. O-O Bf5 9. c4 Nh5 10. cxd5 Nxf4 11. dxc6 Nxe2+ 12. Qxe2 bxc6 13. Qe5 Be6 14. Qxg7 Bf6 15. Qg3 Qe7 16. Nc3 O-O-O 17. Ne5 Bxe5 18. dxe5 Rhg8 19. Qe3 Kb7 20. Qxh6 Rh8 21. Qf6 Qf8 22. Ne4 Rh6 23. Nc5+ Ka8 24. Nxe6 fxe6 25. Qxf8 Rxf8 26. f4 Kb7 27. g3 c5 28. Rac1 Rd8 29. Rfd1 Rxd1+ 30. Rxd1 Kc6 31. Kg2 a5 32. h3 Rh8 33. g4 Rf8 34. Kg3 Rb8 35. g5 Rb4 36. g6 1-0

[Event "Emanuel Lasker"]
[Site "Trois-Rivieres CAN"]
[Date "2013.11.18"]
[Round "3"]
[White "Dubois, Lise"]
[Black "Lemyre, Jasmin"]
[Result "0-1"]
[WhiteElo "1188"]
[BlackElo "1287"]
[PlyCount "98"]
[GameId "2160767909224940"]
[EventDate "2013.11.04"]
[EventType "swiss"]
[EventRounds "6"]
[EventCountry "CAN"]

1. e4 c5 2. Nf3 d6 3. Bc4 e6 4. O-O d5 5. exd5 exd5 6. Bb5+ Bd7 7. Re1+ Be7 8. c4 Bxb5 9. cxb5 b6 10. Ne5 Nf6 11. Qf3 O-O 12. Nc3 a6 13. Nc6 Nxc6 14. bxc6 Rc8 15. Re5 d4 16. Nd5 Nxd5 17. Rxd5 Bd6 18. d3 Re8 19. Bf4 Qe7 20. g3 Rxc6 21. Rf5 Rc7 22. Bg5 Qe2 23. Qd5 Qe6 24. Qf3 Bf8 25. Rf4 Qe2 26. Qd5 Qxb2 27. Rf1 Qb5 28. Rg4 Qxd3 29. Bf4 Rce7 30. Qc6 Re1 31. Rxe1 Rxe1+ 32. Kg2 Qe4+ 33. Qxe4 Rxe4 34. Kf3 f5 35. Rg5 g6 36. g4 Be7 37. gxf5 Bxg5 38. Kxe4 Bxf4 39. Kxf4 gxf5 40. Kf3 Kf7 41. Ke2 Kg6 42. Kd3 Kg5 43. a4 Kg4 44. Kc4 Kf3 45. Kd5 Kxf2 46. Ke5 Ke3 47. Kxf5 d3 48. Kf6 d2 49. Kg7 d1=Q 0-1

[Event "Emanuel Lasker"]
[Site "Trois-Rivieres CAN"]
[Date "2013.11.25"]
[Round "4"]
[White "Lemyre, Jasmin"]
[Black "Dallaire, Michel"]
[Result "1/2-1/2"]
[WhiteElo "1287"]
[BlackElo "1457"]
[PlyCount "119"]
[GameId "2160767909224941"]
[EventDate "2013.11.04"]
[EventType "swiss"]
[EventRounds "6"]
[EventCountry "CAN"]

1. e4 c5 2. Nf3 Nc6 3. Bc4 e6 4. O-O Qc7 5. c3 Nf6 6. Re1 d6 7. d4 Be7 8. Bf4 e5 9. Bg5 O-O 10. a3 Bg4 11. Bxf6 Bxf6 12. d5 Ne7 13. Be2 Ng6 14. g3 Be7 15. Nbd2 f5 16. exf5 Bxf5 17. Nc4 b5 18. Ne3 Bd7 19. c4 a6 20. b3 Rab8 21. Qc2 Bf6 22. Nd2 Be7 23. Bd3 Be8 24. Nf5 bxc4 25. bxc4 Qd7 26. Rab1 Bf7 27. Rb3 Rxb3 28. Nxb3 Qc7 29. Qc3 Bd8 30. Nd2 Ne7 31. Qc2 Nxf5 32. Bxf5 g6 33. Bg4 Qe7 34. Rb1 h5 35. Bc8 a5 36. Rb7 Qf6 37. Ne4 Qf3 38. Nxd6 Qf6 39. Ne4 Qg7 40. Nxc5 Qh6 41. Nd7 Bxd5 42. Nxf8 Bxb7 43. Bxb7 Kxf8 44. Qc3 Qg7 45. Qf3+ Ke7 46. Ba6 Qf6 47. Qxf6+ Kxf6 48. a4 Bb6 49. Kf1 g5 50. h3 e4 51. Ke2 Ke5 52. f3 h4 53. gxh4 gxh4 54. fxe4 Kxe4 55. Bb7+ Kd4 56. Bd5 Bc7 57. Kf3 Kc5 58. Bf7 Bg3 59. Be6 Kb4 60. Bd7 1/2-1/2

[Event "Fancy Lake Veranda"]
[Site "Fancy Lake CAN"]
[Date "2013.08.03"]
[Round "1"]
[White "Charlton, Glenn"]
[Black "Naugler, Rex"]
[Result "1/2-1/2"]
[WhiteElo "1986"]
[BlackElo "1776"]
[PlyCount "49"]
[GameId "2160767909296898"]
[EventDate "2013.08.03"]
[EventType "tourn"]
[EventRounds "5"]
[EventCountry "CAN"]
[SourceTitle "EXT 2022"]
[Source "ChessBase"]
[SourceDate "2021.10.06"]
[SourceVersion "1"]
[SourceVersionDate "2021.10.06"]
[SourceQuality "1"]

1. e4 e6 2. d4 d5 3. exd5 exd5 4. Nf3 Nf6 5. c4 Bb4+ 6. Nc3 c5 7. dxc5 Bxc3+ 8. bxc3 O-O 9. Be2 Be6 10. O-O Qc7 11. Nd4 a6 12. Nxe6 fxe6 13. cxd5 exd5 14. Bf3 Qxc5 15. Rb1 Rf7 16. Be3 Qd6 17. c4 Nc6 18. Rb6 Rd8 19. Qb3 Qd7 20. cxd5 Nxd5 21. Bg5 Nxb6 22. Bxd8 Qxd8 23. Rb1 Nd4 24. Qxb6 Rd7 25. Rb4 1/2-1/2

[Event "Fancy Lake Veranda"]
[Site "Fancy Lake CAN"]
[Date "2013.08.03"]
[Round "1"]
[White "Giacomin, Gordon"]
[Black "Wysocki, Antoni"]
[Result "0-1"]
[WhiteElo "1915"]
[BlackElo "2220"]
[PlyCount "58"]
[GameId "2160767909296899"]
[EventDate "2013.08.03"]
[EventType "tourn"]
[EventRounds "5"]
[EventCountry "CAN"]
[SourceTitle "EXT 2022"]
[Source "ChessBase"]
[SourceDate "2021.10.06"]
[SourceVersion "1"]
[SourceVersionDate "2021.10.06"]
[SourceQuality "1"]

1. e4 c5 2. Nf3 e6 3. d4 cxd4 4. Nxd4 Nf6 5. Nc3 d6 6. Be2 Be7 7. O-O Nc6 8. Be3 Bd7 9. Kh1 Qc7 10. f4 a6 11. a4 Rc8 12. Nb3 Na5 13. Nxa5 Qxa5 14. Qd4 e5 15. Qb6 Qxb6 16. Bxb6 Bc6 17. Bd3 O-O 18. b4 Bd7 19. Ne2 Bd8 20. fxe5 dxe5 21. Bc5 Re8 22. a5 Be7 23. Bxe7 Rxe7 24. c4 Be6 25. Rac1 Rd7 26. Rc3 Rcd8 27. Nc1 Rd4 28. Re1 Nxe4 29. Bxe4 Rxe4 0-1